000 00700cab a2200205 4500
001 WB2806-67
008 090401t1992 xxu||||| |||| 00| 0 eng d
035 _a(Sirsi) u27026
041 _aeng
245 _aLand registry forms
260 _c1992
350 _a0
490 _aOyez Forms Information Service
_v(2/1992) January 1992 (2)
520 _aTwo new forms have been introduced in connection with the new Land Registration Fees Order 1991, LR 96 `Application for offiial search of index map` and LR 96B `Application for copies of index map sections`.
650 _aINDEX MAP
650 _aHM LAND REGISTRY
690 _aPROPERTY LAW AND PRACTICE
942 _n0
948 _c04/03/1997
999 _c18204
_d18204